[Event "ESP-ch rapid"]
[Site "Linares"]
[Date "2019.08.24"]
[Round "1"]
[White "Roldan Marques, Daniel"]
[Black "Garcia Castro, Pablo"]
[Result "1-0"]
[WhiteElo "2134"]
[BlackElo "2327"]
[PlyCount "47"]
[EventDate "2019.08.24"]
[EventType "swiss (rapid)"]
[EventRounds "9"]
[EventCountry "ESP"]
[SourceTitle "EXT 2020"]
[Source "ChessBase"]
[SourceDate "2019.10.17"]
[SourceVersion "1"]
[SourceVersionDate "2019.10.17"]
[SourceQuality "1"]

1. d4 g6 2. c4 Bg7 3. Nc3 c5 4. d5 Bxc3+ 5. bxc3 f5 6. e4 fxe4 7. f3 Qa5 8. Qc2 d6 9. fxe4 Nf6 10. Bd3 Nbd7 11. Nf3 Ne5 12. Nxe5 dxe5 13. Rb1 Qa6 14. 0-0 0-0 15. Bh6 Rf7 16. Qf2 Qd6 17. h3 b6 18. Be2 Bd7 19. Bg4 Bxg4 20. hxg4 g5 21. Qf5 Kh8 22. Qe6 Rg7 23. Bxg7+ Kxg7 24. Rxf6 1-0

[Event "Sanxenxo Carlos op 11th"]
[Site "Sanxenxo"]
[Date "2019.06.24"]
[Round "3"]
[White "Roldan Marques, Daniel"]
[Black "Ibarra Jerez, Jose Carlos"]
[Result "0-1"]
[WhiteElo "2160"]
[BlackElo "2547"]
[PlyCount "84"]
[EventDate "2019.06.22"]
[EventType "swiss"]
[EventRounds "9"]
[EventCountry "ESP"]
[SourceTitle "CBM 191 Extra"]
[Source "ChessBase"]
[SourceDate "2019.09.30"]
[SourceVersion "1"]
[SourceVersionDate "2019.09.30"]
[SourceQuality "1"]

1. d4 g6 2. e4 Bg7 3. c4 d6 4. Nc3 e5 5. d5 Nd7 6. Bd3 a5 7. Nge2 h5 8. Be3 Bh6 9. Qd2 Bxe3 10. Qxe3 Ngf6 11. f3 Nc5 12. 0-0 Kf8 13. Bc2 Bd7 14. b3 Kg7 15. a3 Na6 16. Nc1 c6 17. dxc6 bxc6 18. Nd3 Be6 19. Rad1 Qe7 20. h3 Nd7 21. f4 f6 22. f5 Bf7 23. fxg6 Be6 24. Rf2 Nc7 25. Rfd2 Nf8 26. Nf2 Ne8 27. c5 Qa7 28. b4 axb4 29. axb4 dxc5 30. bxc5 Rh6 31. Ba4 Qc7 32. Nd3 Rb8 33. Rb1 Rxb1+ 34. Nxb1 Rxg6 35. Rb2 h4 36. Nf2 Rg3 37. Qd2 Ng6 38. Nh1 Rg5 39. Kh2 Nf4 40. Qc3 Kf8 41. Bd1 Qd7 42. Qd2 Rxg2+ 0-1

[Event "Benidorm op U2300 17th"]
[Site "Benidorm"]
[Date "2018.12.05"]
[Round "7"]
[White "Hernandez Leon, Alberto"]
[Black "Roldan Marques, Daniel"]
[Result "1/2-1/2"]
[WhiteElo "2239"]
[BlackElo "2198"]
[PlyCount "44"]
[EventDate "2018.11.30"]
[EventType "swiss"]
[EventRounds "10"]
[EventCountry "ESP"]
[SourceTitle "EXT 2022"]
[Source "ChessBase"]
[SourceDate "2021.10.06"]
[SourceVersion "1"]
[SourceVersionDate "2021.10.06"]
[SourceQuality "1"]

1. d4 d5 2. c4 e6 3. Nf3 c6 4. e3 f5 5. Bd3 Nf6 6. 0-0 Bd6 7. b3 Qe7 8. a4 a5 9. Ba3 Bxa3 10. Nxa3 0-0 11. Qb1 g6 12. Nc2 Nbd7 13. Qb2 Ng4 14. b4 b6 15. Qb3 Bb7 16. bxa5 Rxa5 17. h3 Ngf6 18. c5 Rb8 19. cxb6 Ba6 20. Bxa6 Rxb6 21. Bb5 cxb5 22. axb5 Raxb5 1/2-1/2

[Event "Benidorm op U2300 17th"]
[Site "Benidorm"]
[Date "2018.12.05"]
[Round "6"]
[White "Roldan Marques, Daniel"]
[Black "Ibanez Aullana, Jose Ramon"]
[Result "1/2-1/2"]
[WhiteElo "2198"]
[BlackElo "2293"]
[PlyCount "172"]
[EventDate "2018.11.30"]
[EventType "swiss"]
[EventRounds "10"]
[EventCountry "ESP"]
[SourceTitle "EXT 2022"]
[Source "ChessBase"]
[SourceDate "2021.10.06"]
[SourceVersion "1"]
[SourceVersionDate "2021.10.06"]
[SourceQuality "1"]

1. d4 g6 2. c4 Bg7 3. Nc3 c5 4. d5 Bxc3+ 5. bxc3 f5 6. Qc2 d6 7. h4 Nf6 8. Bh6 Nbd7 9. Nf3 Ng4 10. Bf4 Ndf6 11. Nd2 e5 12. dxe6 Bxe6 13. e3 Qe7 14. Be2 h6 15. Bf3 Ne5 16. Bxe5 dxe5 17. Qa4+ Kf7 18. Rb1 e4 19. Be2 Bd7 20. Qc2 Bc6 21. Nb3 b6 22. Kd2 Rad8+ 23. Kc1 Nd7 24. Kb2 Ne5 25. Rbf1 Qe6 26. h5 g5 27. f4 Nd3+ 28. Bxd3 exd3 29. Qf2 Rhg8 30. fxg5 Rxg5 31. Rhg1 Rdg8 32. Qf4 Bxg2 33. Rf2 Be4 34. Rgf1 Re8 35. Nd2 Kg8 36. Nf3 Rg4 37. Qh2 f4 38. Rg2 Kh7 39. Rxg4 Qxg4 40. Qxf4 Qxf4 41. exf4 Rd8 42. Kc1 Rg8 43. Rf2 Rg3 44. Ne5 Bf5 45. Kd2 Kg7 46. a3 Kf6 47. Rf3 Rg2+ 48. Ke1 Be4 49. Rf2 Rg7 50. Kd2 Kf5 51. Ng6 Kg4 52. Ne5+ Kg3 53. Ke3 Bf5 54. Rf3+ Kh4 55. Nxd3 Bxd3 56. Kxd3 Kxh5 57. f5 Kg5 58. Ke4 Re7+ 59. Kd5 Kf6 60. Rh3 Kg5 61. f6 Rf7 62. Ke5 Rxf6 63. Rg3+ Kh4 64. Rg7 Rf3 65. Rxa7 Rxc3 66. Rb7 Rb3 67. Kd5 h5 68. a4 Rb4 69. a5 bxa5 70. Rb5 Ra4 71. Rxc5 Kg3 72. Rb5 h4 73. Rb3+ Kg4 74. c5 h3 75. c6 h2 76. Rb1 Ra2 77. Rc1 Rc2 78. Rxc2 h1Q+ 79. Kc5 Qh7 80. Rc4+ Kg5 81. Kb6 Qg8 82. Rc5+ Kf6 83. c7 Qc8 84. Kxa5 Ke6 85. Kb6 Kd6 86. Rc1 Ke5 1/2-1/2

[Event "Benidorm op U2300 17th"]
[Site "Benidorm"]
[Date "2018.12.04"]
[Round "5"]
[White "Ortega Ruiz, Jose Miguel"]
[Black "Roldan Marques, Daniel"]
[Result "0-1"]
[WhiteElo "2298"]
[BlackElo "2198"]
[PlyCount "47"]
[EventDate "2018.11.30"]
[EventType "swiss"]
[EventRounds "10"]
[EventCountry "ESP"]
[SourceTitle "EXT 2022"]
[Source "ChessBase"]
[SourceDate "2021.10.06"]
[SourceVersion "1"]
[SourceVersionDate "2021.10.06"]
[SourceQuality "1"]

1. Nf3 d5 2. c4 e6 3. e3 Nf6 4. Nc3 Be7 5. d4 0-0 6. Bd3 dxc4 7. Bxc4 a6 8. 0-0 b5 9. Bb3 Bb7 10. Qe2 c5 11. Rd1 Qc7 12. Bd2 Nbd7 13. Rac1 c4 14. Bc2 e5 15. Be1 exd4 16. Rxd4 Ne5 17. Nxe5 Qxe5 18. Rcd1 Bc5 19. Rf4 g6 20. b3 cxb3 21. axb3 Bd6 22. Rh4 Rac8 23. Nb1 Bb8 24. Rhd4 0-1

[Event "ESP-ch 83rd"]
[Site "Linares"]
[Date "2018.08.25"]
[Round "6"]
[White "Roldan Marques, Daniel"]
[Black "Moral Garcia, Serafin"]
[Result "1/2-1/2"]
[WhiteElo "2161"]
[BlackElo "2287"]
[PlyCount "83"]
[EventDate "2018.08.20"]
[EventType "swiss"]
[EventRounds "9"]
[EventCountry "ESP"]
[SourceTitle "CBM 186 Extra"]
[Source "ChessBase"]
[SourceDate "2018.08.24"]
[SourceVersion "1"]
[SourceVersionDate "2018.08.24"]
[SourceQuality "1"]

1. d4 Nf6 2. c4 c5 3. d5 e6 4. Nc3 exd5 5. cxd5 d6 6. Nf3 g6 7. Bf4 a6 8. a4 Bg7 9. h3 0-0 10. e3 Qe7 11. Be2 Nbd7 12. 0-0 Ne8 13. Nd2 f5 14. Bh2 Rb8 15. Nc4 Ne5 16. Nb6 Nf6 17. Re1 Nfd7 18. Qb3 Nxb6 19. Qxb6 Qd8 20. Qxd8 Rxd8 21. Nb1 Bd7 22. a5 Bb5 23. Bxb5 axb5 24. Bxe5 Bxe5 25. Ra3 Ra8 26. Nd2 Ra6 27. Rb1 b4 28. Raa1 Rda8 29. Nc4 Bf6 30. Nb6 Re8 31. Nc4 Bd8 32. b3 Bf6 33. Ra4 f4 34. Re1 fxe3 35. Rxe3 Kf7 36. Rxe8 Kxe8 37. Kf1 Kd7 38. Nb6+ Ke8 39. Ke2 Bd8 40. Nc4 Kd7 41. Kd3 Bc7 42. Ke4 1/2-1/2

[Event "ESP-ch 83rd"]
[Site "Linares"]
[Date "2018.08.23"]
[Round "4"]
[White "Roldan Marques, Daniel"]
[Black "Castellanos Gomez, Alejandro"]
[Result "1-0"]
[WhiteElo "2161"]
[BlackElo "2320"]
[PlyCount "145"]
[EventDate "2018.08.20"]
[EventType "swiss"]
[EventRounds "9"]
[EventCountry "ESP"]
[SourceTitle "CBM 186 Extra"]
[Source "ChessBase"]
[SourceDate "2018.08.24"]
[SourceVersion "1"]
[SourceVersionDate "2018.08.24"]
[SourceQuality "1"]

1. d4 e6 2. c4 Nf6 3. Nf3 b6 4. e3 Bb7 5. Bd3 d5 6. 0-0 Bd6 7. b3 0-0 8. Nc3 Nbd7 9. Nb5 Be7 10. Bb2 a6 11. Nc3 Bd6 12. Qe2 Ne4 13. Rfd1 f5 14. Ne5 Nxe5 15. dxe5 Bxe5 16. Nxe4 Bxb2 17. Qxb2 fxe4 18. Bxe4 Qh4 19. Bd3 Rf6 20. Qc2 Raf8 21. Rd2 Rh6 22. h3 Qg5 23. cxd5 Bxd5 24. e4 Ba8 25. Kh1 Rf3 26. Bf1 Rg6 27. g3 Rf4 28. Bg2 Rf8 29. Rad1 c5 30. Rd6 Rgf6 31. R1d2 e5 32. Qc4+ Kh8 33. Qxa6 Rxd6 34. Rxd6 h5 35. Qe2 b5 36. h4 Qg4 37. Qxg4 hxg4 38. Rb6 b4 39. Re6 Kh7 40. Kg1 Rd8 41. Rxe5 Rd1+ 42. Kh2 Rd2 43. Rxc5 Rxf2 44. Rc4 Rxa2 45. Rxb4 Bc6 46. Kg1 Ra1+ 47. Bf1 Rd1 48. Kf2 Rb1 49. Be2 Bd7 50. Rb6 Rb2 51. b4 Rb3 52. e5 Rb2 53. Ke3 Bf5 54. Kf4 Bg6 55. Bxg4 Rf2+ 56. Ke3 Rc2 57. Be2 Rc3+ 58. Kf2 Rc2 59. Ke1 Rc1+ 60. Kd2 Rc2+ 61. Kd1 Rc3 62. g4 Re3 63. Rb5 Bf7 64. Rc5 Be6 65. Kd2 Rg3 66. Rc3 Rg2 67. Re3 Rh2 68. h5 Bxg4 69. e6 Bxh5 70. b5 Be8 71. b6 Rh1 72. b7 Rb1 73. Bd3+ 1-0

[Event "ESP-ch 83rd"]
[Site "Linares"]
[Date "2018.08.22"]
[Round "3"]
[White "Matnadze, Ana"]
[Black "Roldan Marques, Daniel"]
[Result "1/2-1/2"]
[WhiteElo "2378"]
[BlackElo "2161"]
[PlyCount "60"]
[EventDate "2018.08.20"]
[EventType "swiss"]
[EventRounds "9"]
[EventCountry "ESP"]
[SourceTitle "CBM 186 Extra"]
[Source "ChessBase"]
[SourceDate "2018.08.24"]
[SourceVersion "1"]
[SourceVersionDate "2018.08.24"]
[SourceQuality "1"]

1. Nf3 Nf6 2. c4 c6 3. g3 d5 4. d4 dxc4 5. Bg2 b5 6. a4 Bb7 7. b3 cxb3 8. Qxb3 a6 9. Ba3 Nbd7 10. Ne5 Nxe5 11. dxe5 Nd5 12. 0-0 e6 13. Bxf8 Kxf8 14. Nc3 Nxc3 15. Qxc3 Qe7 16. Rfc1 g6 17. Bxc6 Rc8 18. axb5 axb5 19. Qf3 Rxc6 20. Rxc6 Bxc6 21. Qxc6 b4 22. Qb6 Kg7 23. Ra7 Qe8 24. Qxb4 Qb8 25. Qe7 Qb1+ 26. Kg2 Qe4+ 27. Kg1 Qb1+ 28. Kg2 Qe4+ 29. Kg1 Qb1+ 30. Kg2 Qe4+ 1/2-1/2

[Event "Euskadi-chT (Vasca) Div Honor"]
[Site "Bergara"]
[Date "2018.01.13"]
[Round "1.1"]
[White "Munoz Perez, Ivan"]
[Black "Roldan Marques, Daniel"]
[Result "1-0"]
[WhiteElo "2218"]
[BlackElo "2185"]
[PlyCount "111"]
[EventDate "2018.01.13"]
[EventType "team-tourn"]
[EventRounds "9"]
[EventCountry "ESP"]
[SourceTitle "EXT 2020"]
[Source "ChessBase"]
[SourceDate "2019.10.17"]
[SourceVersion "1"]
[SourceVersionDate "2019.10.17"]
[SourceQuality "1"]
[WhiteTeam "Batalla"]
[BlackTeam "Santa Ana"]
[WhiteTeamCountry "ESP"]
[BlackTeamCountry "ESP"]

1. e4 e6 2. d4 d5 3. Nd2 Nf6 4. e5 Nfd7 5. f4 c5 6. c3 Nc6 7. Ndf3 Qa5 8. Kf2 Be7 9. g3 f6 10. Bh3 Nb6 11. Kg2 Bd7 12. Ne2 0-0-0 13. Bd2 Nc4 14. b3 Nxd2 15. Qxd2 f5 16. Rhd1 h6 17. dxc5 Qxc5 18. b4 Qb6 19. Nfd4 g5 20. Kh1 Kb8 21. a4 Nxd4 22. Nxd4 Rc8 23. Bf1 h5 24. fxg5 h4 25. Kg2 hxg3 26. hxg3 Rh5 27. Nf3 Rch8 28. Qd4 Qc7 29. Bb5 Bc6 30. Rh1 Qd8 31. Bxc6 bxc6 32. Qf4 Qe8 33. Rh4 Rg8 34. Rxh5 Qxh5 35. Rh1 Bxg5 36. Nxg5 Qxg5 37. Qxg5 Rxg5 38. Kf3 Rg6 39. Rh7 a6 40. a5 Kc8 41. Re7 Kd8 42. Ra7 Rg4 43. Rxa6 Rc4 44. Ra8+ Kc7 45. Rg8 Rxc3+ 46. Kf2 Rc4 47. Rg7+ Kb8 48. Re7 Rxb4 49. Rxe6 Re4 50. Rxc6 Rxe5 51. Rc5 Kb7 52. Kf3 Ka6 53. Kf4 Re1 54. Rxd5 Rf1+ 55. Ke3 Re1+ 56. Kf2 1-0

[Event "Juan Moreno Memorial"]
[Site "Zaragoza"]
[Date "2017.04.15"]
[Round "6"]
[White "Gines Esteo, Pedro Antonio"]
[Black "Roldan Marques, Daniel"]
[Result "1-0"]
[WhiteElo "2319"]
[BlackElo "2255"]
[PlyCount "63"]
[EventDate "2017.04.12"]
[EventType "tourn"]
[EventRounds "9"]
[EventCountry "ESP"]
[EventCategory "4"]
[SourceTitle "CBM 178 Extra"]
[Source "ChessBase"]
[SourceDate "2017.06.22"]
[SourceVersion "1"]
[SourceVersionDate "2017.06.22"]
[SourceQuality "1"]

1. d4 d5 2. Nf3 c6 3. c4 e6 4. g3 dxc4 5. Bg2 b5 6. 0-0 Bb7 7. Ne5 Nf6 8. b3 cxb3 9. axb3 Bd6 10. Qc2 Qb6 11. Bf4 0-0 12. Nc3 Rc8 13. Ne4 Qc7 14. Nc5 Nd5 15. Bd2 Bxc5 16. Qxc5 Na6 17. Qa3 b4 18. Qb2 c5 19. Rfc1 Qb6 20. Nc4 Qc7 21. e4 Nc3 22. Bxc3 bxc3 23. Qxc3 cxd4 24. Qxd4 Nb4 25. h4 Rd8 26. Qe3 Qe7 27. Na5 a6 28. Qb6 Rd7 29. Rc4 Nd3 30. Rd1 Qd8 31. Qxd8+ Raxd8 32. Nxb7 1-0

[Event "Juan Moreno Memorial"]
[Site "Zaragoza"]
[Date "2017.04.15"]
[Round "7"]
[White "Roldan Marques, Daniel"]
[Black "Adla, Diego Gustavo"]
[Result "1-0"]
[WhiteElo "2255"]
[BlackElo "2398"]
[PlyCount "73"]
[EventDate "2017.04.12"]
[EventType "tourn"]
[EventRounds "9"]
[EventCountry "ESP"]
[EventCategory "4"]
[SourceTitle "CBM 178 Extra"]
[Source "ChessBase"]
[SourceDate "2017.06.22"]
[SourceVersion "1"]
[SourceVersionDate "2017.06.22"]
[SourceQuality "1"]

1. d4 Nf6 2. c4 e6 3. Nf3 c5 4. d5 exd5 5. cxd5 d6 6. Nc3 g6 7. Bf4 a6 8. a4 Bg7 9. h3 0-0 10. e3 Nh5 11. Bh2 f5 12. Bd3 f4 13. 0-0 Nd7 14. Qd2 Ne5 15. Be2 Nxf3+ 16. Bxf3 fxe3 17. fxe3 Qe7 18. Bxh5 Rxf1+ 19. Rxf1 gxh5 20. Qf2 Bd7 21. Qg3 Re8 22. Rf3 b5 23. axb5 axb5 24. Qxd6 b4 25. Ne4 Qxe4 26. Qxd7 c4 27. Bd6 h4 28. Bxb4 Bxb2 29. Qf7+ Kh8 30. d6 Ra8 31. d7 Bg7 32. Qe7 Qxe7 33. Bxe7 c3 34. d8Q+ Rxd8 35. Bxd8 c2 36. Rf1 Bb2 37. Bf6+ 1-0

[Event "Navarra-ch"]
[Site "Pamplona"]
[Date "2017.04.01"]
[Round "3"]
[White "Roldan Marques, Daniel"]
[Black "Urbiola Martinez, Jesus"]
[Result "1-0"]
[WhiteElo "2199"]
[BlackElo "1467"]
[PlyCount "33"]
[EventDate "2017.03.11"]
[EventType "swiss"]
[EventRounds "7"]
[EventCountry "ESP"]
[SourceTitle "EXT 2018"]
[Source "ChessBase"]
[SourceDate "2017.10.13"]
[SourceVersion "1"]
[SourceVersionDate "2017.10.13"]
[SourceQuality "1"]

1. d4 Nf6 2. c4 e6 3. Nf3 Bb4+ 4. Bd2 Qe7 5. g3 Nc6 6. Nc3 Bxc3 7. Bxc3 Ne4 8. Rc1 d6 9. d5 Nxc3 10. Rxc3 Nb8 11. Bg2 0-0 12. dxe6 fxe6 13. Nd4 Nd7 14. Nxe6 Rf6 15. Nxc7 Qf8 16. Nxa8 Rxf2 17. Bf3 1-0

[Event "Navarra-chT"]
[Site "Navarra"]
[Date "2016.11.12"]
[Round "6.1"]
[White "Roldan Marques, Daniel"]
[Black "Burguete Archel, Eduardo"]
[Result "1-0"]
[WhiteElo "2109"]
[BlackElo "2205"]
[PlyCount "71"]
[EventDate "2016.10.08"]
[EventType "team-tourn"]
[EventRounds "7"]
[EventCountry "ESP"]
[SourceTitle "CBM 175 Extra"]
[Source "ChessBase"]
[SourceDate "2016.12.12"]
[SourceVersion "1"]
[SourceVersionDate "2016.12.12"]
[SourceQuality "1"]
[WhiteTeam "Santa Ana Siglo 21"]
[BlackTeam "Paz de Ziganda"]
[WhiteTeamCountry "ESP"]
[BlackTeamCountry "ESP"]

1. d4 Nf6 2. c4 c5 3. d5 e6 4. Nc3 exd5 5. cxd5 d6 6. Nf3 g6 7. Bf4 Bg7 8. h3 0-0 9. e3 a6 10. a4 Qc7 11. Nd2 Nbd7 12. Be2 Rb8 13. Nc4 Ne8 14. Ne4 Ne5 15. Nexd6 Nxd6 16. Bxe5 Bxe5 17. Nxe5 Ne4 18. Nc4 Rd8 19. Qc2 b5 20. axb5 axb5 21. Qxe4 bxc4 22. Bxc4 Bf5 23. Qh4 Re8 24. Qf6 Rxe3+ 25. fxe3 Qg3+ 26. Kf1 Qxe3 27. Qc3 Qf4+ 28. Kg1 Re8 29. Be2 f6 30. Bf3 Kg7 31. Re1 Rd8 32. Re7+ Kg8 33. Qxf6 Qc1+ 34. Kh2 Qf4+ 35. g3 Qd2+ 36. Bg2 1-0

[Event "Navarra-chT"]
[Site "Navarra"]
[Date "2016.11.05"]
[Round "5.2"]
[White "Ortega Lopez, Mikel"]
[Black "Roldan Marques, Daniel"]
[Result "1-0"]
[WhiteElo "2244"]
[BlackElo "2109"]
[PlyCount "85"]
[EventDate "2016.10.08"]
[EventType "team-tourn"]
[EventRounds "7"]
[EventCountry "ESP"]
[SourceTitle "CBM 175 Extra"]
[Source "ChessBase"]
[SourceDate "2016.12.12"]
[SourceVersion "1"]
[SourceVersionDate "2016.12.12"]
[SourceQuality "1"]
[WhiteTeam "Orvina"]
[BlackTeam "Santa Ana Siglo 21"]
[WhiteTeamCountry "ESP"]
[BlackTeamCountry "ESP"]

1. e4 e5 2. Nf3 Nc6 3. Bb5 a6 4. Ba4 Nge7 5. 0-0 d6 6. c3 g6 7. d4 exd4 8. cxd4 b5 9. Bb3 Bg7 10. Nc3 Na5 11. Bc2 0-0 12. h3 Bb7 13. Bf4 Nc4 14. b3 Na3 15. Bd3 b4 16. Ne2 Qd7 17. Qd2 a5 18. Bh6 f5 19. Bxg7 Kxg7 20. d5 c6 21. Ned4 cxd5 22. exf5 Nxf5 23. Nxf5+ gxf5 24. Nd4 Ba6 25. Bxa6 Rxa6 26. Qe2 Rfa8 27. Rae1 R6a7 28. Qh5 Qf7 29. Nxf5+ Kh8 30. Qg4 Nb5 31. Re3 Re8 32. Rfe1 Rxe3 33. Rxe3 Qf8 34. Qh5 Rf7 35. Nh6 Re7 36. Rf3 Qe8 37. Nf7+ Rxf7 38. Rxf7 Qe1+ 39. Kh2 Qe5+ 40. Qxe5+ dxe5 41. Rf5 Nc3 42. Rxe5 d4 43. Rxa5 1-0

[Event "ESP-ch U16"]
[Site "Granada"]
[Date "2016.07.23"]
[Round "9"]
[White "Huarte Zozaya, Aitor"]
[Black "Roldan Marques, Daniel"]
[Result "0-1"]
[WhiteElo "1863"]
[BlackElo "2053"]
[PlyCount "92"]
[EventDate "2016.07.18"]
[EventType "swiss"]
[EventRounds "9"]
[EventCountry "ESP"]
[SourceTitle "EXT 2024"]
[Source "ChessBase"]
[SourceDate "2023.10.10"]
[SourceVersion "1"]
[SourceVersionDate "2023.10.10"]
[SourceQuality "1"]

1. e4 e5 2. Nf3 Nc6 3. Bb5 Nf6 4. 0-0 Nxe4 5. d4 Nd6 6. dxe5 Nxb5 7. a4 Nxe5 8. Re1 Be7 9. Rxe5 Nd6 10. Qe1 f6 11. Re2 Kf7 12. Ra3 Re8 13. Nfd2 Bf8 14. Rh3 Kg8 15. Nc3 Rxe2 16. Qxe2 Qe8 17. Re3 Qf7 18. a5 a6 19. Qd3 Qg6 20. Nde4 Nxe4 21. Nxe4 d6 22. Qc4+ Qf7 23. Qc3 Bf5 24. Ng3 Be6 25. Qe1 Bd7 26. Ne2 Bc6 27. Nd4 Qd5 28. Nf3 Qh5 29. Nd4 Qd5 30. Nf3 Qc5 31. Qd2 Bxf3 32. Rxf3 Re8 33. h3 d5 34. c3 Qxa5 35. b4 Qb5 36. Re3 Rxe3 37. Qxe3 Qd7 38. Qa7 c6 39. Be3 Bd6 40. Qd4 Qe7 41. Qg4 g6 42. Qc8+ Kg7 43. Qg4 h5 44. Qf3 Qe4 45. Qe2 Qb1+ 46. Qf1 Bh2+ 0-1

[Event "ESP-ch U16"]
[Site "Granada"]
[Date "2016.07.20"]
[Round "5"]
[White "Bayo Milagro, Alvaro"]
[Black "Roldan Marques, Daniel"]
[Result "1-0"]
[WhiteElo "2229"]
[BlackElo "2053"]
[PlyCount "26"]
[EventDate "2016.07.18"]
[EventType "swiss"]
[EventRounds "9"]
[EventCountry "ESP"]
[SourceTitle "EXT 2024"]
[Source "ChessBase"]
[SourceDate "2023.10.10"]
[SourceVersion "1"]
[SourceVersionDate "2023.10.10"]
[SourceQuality "1"]

1. e4 e5 2. Nf3 Nc6 3. Bb5 a6 4. Ba4 Nf6 5. 0-0 Nxe4 6. d4 b5 7. Bb3 d5 8. dxe5 Be6 9. Qe2 Na5 10. Nd4 Qd7 11. c3 c6 12. f3 h6 13. f4 Ng5 1-0

[Event "ESP-ch U16"]
[Site "Granada"]
[Date "2016.07.18"]
[Round "2"]
[White "Roldan Marques, Daniel"]
[Black "Dominguez Ruiz, Mario"]
[Result "1-0"]
[WhiteElo "2053"]
[BlackElo "1894"]
[PlyCount "129"]
[EventDate "2016.07.18"]
[EventType "swiss"]
[EventRounds "9"]
[EventCountry "ESP"]
[SourceTitle "EXT 2024"]
[Source "ChessBase"]
[SourceDate "2023.10.10"]
[SourceVersion "1"]
[SourceVersionDate "2023.10.10"]
[SourceQuality "1"]

1. d4 d5 2. c4 Nc6 3. Nc3 Nf6 4. Nf3 Bg4 5. Ne5 dxc4 6. Nxg4 Nxg4 7. e3 Nf6 8. Bxc4 e5 9. Qb3 Qd7 10. dxe5 Nxe5 11. Qxb7 Rd8 12. Bb5 c6 13. Qxd7+ Kxd7 14. Be2 Bb4 15. Bd2 Kc8 16. 0-0-0 Nfg4 17. Be1 Bxc3 18. bxc3 Kb7 19. h3 Nf6 20. Rxd8 Rxd8 21. f3 Nd3+ 22. Kc2 Nxe1+ 23. Rxe1 Nd7 24. Rd1 Kc7 25. Bc4 f6 26. Be6 Nc5 27. Rxd8 Kxd8 28. Bg8 h6 29. e4 Kd7 30. Kd2 Kd6 31. Bb3 a5 32. Ke3 Nd7 33. f4 Nb6 34. Kf3 Nc8 35. Kg4 Ne7 36. Kh5 Kc5 37. h4 Kd6 38. g4 Kd7 39. g5 hxg5 40. hxg5 fxg5 41. Kxg5 c5 42. e5 Ke8 43. f5 Kf8 44. f6 gxf6+ 45. exf6 Nc8 46. Kf5 Nb6 47. Ke6 Ke8 48. Bd5 a4 49. Kd6 a3 50. Kxc5 Nd7+ 51. Kb4 Nxf6 52. Bc6+ Kd8 53. Kxa3 Kc7 54. Bf3 Nd7 55. Kb4 Kb6 56. a4 Ne5 57. a5+ Kc7 58. Be4 Nf7 59. Kc5 Nd6 60. Bd5 Nc8 61. Be6 Na7 62. a6 Nc6 63. Bd5 Na7 64. Bb7 Kb8 65. Kb6 1-0

[Event "Atarrabia op 26th"]
[Site "Atarrabia"]
[Date "2016.03.19"]
[Round "2"]
[White "Roldan Marques, Daniel"]
[Black "Granda Zuniga, Julio E"]
[Result "0-1"]
[WhiteElo "2168"]
[BlackElo "2688"]
[PlyCount "41"]
[EventDate "2016.03.19"]
[EventType "swiss (rapid)"]
[EventRounds "9"]
[EventCountry "ESP"]
[SourceTitle "CBM 171 Extra"]
[Source "ChessBase"]
[SourceDate "2016.04.26"]
[SourceVersion "1"]
[SourceVersionDate "2016.04.26"]
[SourceQuality "1"]

1. d4 Nf6 2. c4 e6 3. Nf3 b6 4. g3 Bb7 5. Bg2 Be7 6. 0-0 0-0 7. Nc3 Ne4 8. Nxe4 Bxe4 9. b3 c6 10. Bb2 d5 11. Rc1 Nd7 12. Ne5 Nxe5 13. Bxe4 Nxc4 14. Bxh7+ Kxh7 15. bxc4 Kg8 16. Qd3 Bf6 17. e3 Qd7 18. Rc2 Rfc8 19. Rfc1 Rc7 20. a4 Rac8 21. a5 0-1

[Event "Navarra-ch"]
[Site "Pamplona"]
[Date "2016.03.05"]
[Round "1"]
[White "Roldan Marques, Daniel"]
[Black "Martinez Bernardo, Aitor"]
[Result "1-0"]
[WhiteElo "2168"]
[BlackElo "1763"]
[PlyCount "43"]
[EventDate "2016.03.05"]
[EventType "swiss"]
[EventRounds "8"]
[EventCountry "ESP"]
[SourceTitle "EXT 2018"]
[Source "ChessBase"]
[SourceDate "2017.10.13"]
[SourceVersion "1"]
[SourceVersionDate "2017.10.13"]
[SourceQuality "1"]

1. d4 d5 2. Nf3 Nf6 3. c4 dxc4 4. e3 e6 5. Bxc4 Be7 6. 0-0 0-0 7. Nc3 c5 8. Bd3 Nc6 9. a3 a6 10. Bc2 cxd4 11. exd4 b5 12. Qd3 Bb7 13. Bg5 g6 14. Ne2 Nd5 15. h4 Rc8 16. Rac1 Bf6 17. Bh6 Bg7 18. Bxg7 Kxg7 19. Ng5 Nf6 20. Rfd1 Ne7 21. Nf4 Ned5 22. Nfxe6+ 1-0

[Event "Navarra-chTA"]
[Site "Pamplona"]
[Date "2015.10.17"]
[Round "2.2"]
[White "Roldan Marques, Daniel"]
[Black "Flores Lazcoz, Jose Luis"]
[Result "0-1"]
[WhiteElo "2003"]
[BlackElo "1765"]
[PlyCount "105"]
[EventDate "2015.10.10"]
[EventType "team-tourn"]
[EventRounds "7"]
[EventCountry "ESP"]
[SourceTitle "CBM 169 Extra"]
[Source "ChessBase"]
[SourceDate "2015.12.18"]
[SourceVersion "1"]
[SourceVersionDate "2015.12.18"]
[SourceQuality "1"]
[WhiteTeam "Santa Ana"]
[BlackTeam "Arrano Elkartea"]
[WhiteTeamCountry "ESP"]
[BlackTeamCountry "ESP"]

1. d4 d5 2. c4 c6 3. cxd5 cxd5 4. Bf4 Nc6 5. Nc3 a6 6. e3 Nf6 7. Bd3 e6 8. Nf3 Bd6 9. Bxd6 Qxd6 10. 0-0 0-0 11. Ne2 Nb4 12. Bb1 b5 13. Nf4 Bb7 14. h3 Nc6 15. Qd3 Ne7 16. Ng5 g6 17. h4 Ne4 18. Nf3 Kg7 19. Qe2 f6 20. Rd1 h6 21. Nh2 f5 22. f3 Nf6 23. Qf2 Rad8 24. Qg3 Kh7 25. Qh3 e5 26. Nd3 exd4 27. exd4 Nc6 28. Nf2 Nh5 29. g4 Nf4 30. Qf1 fxg4 31. Nhxg4 Rde8 32. Kh1 Ne2 33. Qg2 Nexd4 34. h5 Re6 35. hxg6+ Kg7 36. Qh3 Qf4 37. Kg2 Qg5 38. Rh1 Rh8 39. Qh5 Qf4 40. Qxd5 Rhe8 41. Qh5 Qxf3+ 42. Kf1 Qe2+ 43. Kg1 Nf3+ 44. Kg2 Rh8 45. Bd3 Qd2 46. Rad1 Qf4 47. Qd5 Ng5 48. Kf1 Rhe8 49. Rxh6 Na5 50. Qd7+ R8e7 51. Qd8 Re8 52. Qxa5 Bf3 53. Rc1 0-1

[Event "Barcelona Sants op 17th"]
[Site "Barcelona"]
[Date "2015.08.21"]
[Round "1"]
[White "Roldan Marques, Daniel"]
[Black "Cuartas, Jaime Alexander"]
[Result "0-1"]
[WhiteElo "2093"]
[BlackElo "2503"]
[PlyCount "86"]
[EventDate "2015.08.21"]
[EventType "swiss"]
[EventRounds "10"]
[EventCountry "ESP"]
[SourceTitle "EXT 2016"]
[Source "ChessBase"]
[SourceDate "2015.10.08"]
[SourceVersion "1"]
[SourceVersionDate "2015.10.08"]
[SourceQuality "1"]

1. d4 d5 2. c4 c6 3. cxd5 cxd5 4. Bf4 Qb6 5. Nc3 Nf6 6. Qc2 Bd7 7. e3 Nc6 8. Nf3 e6 9. h3 Rc8 10. Be2 Bb4 11. 0-0 Na5 12. Ne5 0-0 13. Nxd7 Nxd7 14. Qa4 Bxc3 15. bxc3 Nf6 16. Rfb1 Qd8 17. Bd6 Qxd6 18. Qxa5 Qb8 19. Qb4 Rc7 20. Ba6 Ne4 21. c4 Qd8 22. Bxb7 Rxc4 23. Qe1 Rc2 24. f3 Qg5 25. g4 Nd2 26. Qf2 Nxb1 27. Qxc2 Qxe3+ 28. Qf2 Qd3 29. Ba6 Qd1+ 30. Kg2 Rb8 31. a4 Qb3 32. Qe2 Qb4 33. Qc2 g6 34. Bb5 Nc3 35. Qf2 a5 36. Bd3 Nxa4 37. Rb1 Nb2 38. f4 a4 39. f5 exf5 40. gxf5 a3 41. fxg6 hxg6 42. Rf1 Qe7 43. Bb1 Nc4 0-1